Obchod kontakt marketing časopis pro zahraniční obchod
Salvato in:
| Natura: | Periodico |
|---|---|
| Lingua: | ceco |
| Pubblicazione: |
Praha
QplusQ
|
| Soggetti: | |
| Tags: |
Nessun Tag, puoi essere il primo ad aggiungerne!!
|
MARC
| LEADER | 00000nas1a22000001 4500 | ||
|---|---|---|---|
| 001 | s120071 | ||
| 005 | 20230908094737.5 | ||
| 022 | |a 1210-4531 | ||
| 041 | 0 | |a cze | |
| 044 | |a CZ | ||
| 245 | 1 | 0 | |a Obchod kontakt marketing |b časopis pro zahraniční obchod |
| 264 | 1 | |a Praha |b QplusQ | |
| 500 | |a 31.12.2004 časopis prestal vychádzať | ||
| 610 | 2 | 0 | |a obchod zahraničný |
| 610 | 2 | 0 | |a obchod |
| 610 | 2 | 0 | |a marketing |